000
00244nam a2200097Ia 4500
008
240331s9999 xx 000 0 und d
082
_b
THI
100
_a
Thiruchelvan,N
245
0
_a
Manida urimegal arassa ameyipuwadam panmythuwamu pal
942
_c
L
999
_c
2445
_d
2445